000 00360 a2200157 4500
001 48478
020 _a9788516096878
040 _cAnchieta - Bela Vista
100 _aCarrasco, Walcyr
240 1 0 _aO jacaré com dor de dente
_lpor
245 1 0 _aO jacaré com dor de dente
300 _a29
362 0 _a2015
650 4 _aLiteratura infantil
942 _cBK
999 _c48478
_d48478